000 00704nam a22001937a 4500
999 _c60951
_d60951
005 20231129115031.0
008 231129s2008 ru ||||| |||| 00| 0 rus d
020 _a9785952436022
041 _arus
080 _a737(038) Г-52
100 _aГладкий, В.Д.
_920503
245 _aСловарь нумизмата /
_cВ. Гладкий.
264 _aМосква :
_bЦентрполиграф,
_c2008.
300 _a377 с.:
_bил.;
_c27 см.
653 _aნუმიზმატიკოსთა ლექსიკონი
653 _a მსოფლიო ვალუტები
653 _aმონეტის დათარიღება
942 _2udc
_cᲬᲘᲒᲜᲘ